Catechism of Malayalam Grammer (Record no. 45570)

MARC details
000 -LEADER
fixed length control field 00461nam a2200145Ia 4500
008 - FIXED-LENGTH DATA ELEMENTS--GENERAL INFORMATION
fixed length control field 211109s9999||||xx |||||||||||||| ||und||
082 ## - DEWEY DECIMAL CLASSIFICATION NUMBER
Classification number 494.8125
Item number GUN-C
100 ## - MAIN ENTRY--PERSONAL NAME
Personal name Gundert, H
245 #0 - TITLE STATEMENT
Title Catechism of Malayalam Grammer
260 ## - PUBLICATION, DISTRIBUTION, ETC.
Name of publisher, distributor, etc. Basel Mission Press
Place of publication, distribution, etc. Mangalore
Date of publication, distribution, etc. 1884
300 ## - PHYSICAL DESCRIPTION
Extent 157
630 ## - SUBJECT ADDED ENTRY--UNIFORM TITLE
General subdivision POST GRADUATE REFERENCE
650 ## - SUBJECT ADDED ENTRY--TOPICAL TERM
Topical term or geographic name entry element Malayalam language
942 ## - ADDED ENTRY ELEMENTS (KOHA)
Koha item type BOOK
650 ## - SUBJECT ADDED ENTRY--TOPICAL TERM
Form subdivision Malayalam grammar
General subdivision Altaic, Uralic, Hyperborean & Dravidian LanguageMalayalam
Holdings
Withdrawn status Lost status Damaged status Not for loan Home library Current library Date acquired Cost, normal purchase price Total Checkouts Full call number Barcode Shelving location Date last seen Price effective from Koha item type
        SB LIBRARY SB LIBRARY 09/11/2021 1.00   494.8125 GUN-C 00087543 POST GRADUATE REFERENCE 09/11/2021 09/11/2021 BOOK

Powered by Koha